[Event "GER-ch Candidates 96th"]
[Site "Munich"]
[Date "2025.05.21"]
[Round "7"]
[White "Hoppstaedter, Daniel"]
[Black "Pfrommer, Christoph"]
[Result "1-0"]
[WhiteElo "2161"]
[BlackElo "2272"]
[PlyCount "83"]
[EventDate "2025.05.17"]
[EventType "swiss"]
[EventRounds "9"]
[EventCountry "GER"]
[SourceTitle "CB22_2025"]
[SourceDate "2025.05.28"]
[SourceVersion "1"]
[SourceVersionDate "2025.05.28"]
[SourceQuality "1"]

1. d4 d5 2. c4 e6 3. Nc3 Nf6 4. cxd5 exd5 5. Bg5 Be7 6. e3 0-0 7. Bd3 Re8 8. Qc2 h6 9. Bh4 c5 10. Nge2 Nc6 11. a3 cxd4 12. exd4 Be6 13. f3 Nh5 14. Bf2 Bd6 15. 0-0 Nf4 16. Nxf4 Bxf4 17. Na4 Rc8 18. Nc5 Nxd4 19. Qa4 Rxc5 20. Qxd4 Bd6 21. b4 Rc8 22. Qxa7 Qc7 23. g3 Bh3 24. Rfe1 Qc3 25. Rxe8+ Rxe8 26. Qd4 Be5 27. Qxc3 Bxc3 28. Rc1 d4 29. Bb5 Ra8 30. a4 b6 31. Be1 Rd8 32. Bxc3 dxc3 33. Rxc3 Rd2 34. Rd3 Rg2+ 35. Kf1 Rxh2+ 36. Ke1 Rb2 37. Rd6 Rxb4 38. g4 Kf8 39. Rxb6 Rb1+ 40. Kf2 Bf1 41. Rb8+ Ke7 42. Re8+ 1-0

[Event "GER-ch Candidates 96th"]
[Site "Munich"]
[Date "2025.05.20"]
[Round "5"]
[White "Besou, Hussain"]
[Black "Pfrommer, Christoph"]
[Result "1/2-1/2"]
[WhiteElo "2351"]
[BlackElo "2272"]
[PlyCount "81"]
[EventDate "2025.05.17"]
[EventType "swiss"]
[EventRounds "9"]
[EventCountry "GER"]
[SourceTitle "CB22_2025"]
[SourceDate "2025.05.28"]
[SourceVersion "1"]
[SourceVersionDate "2025.05.28"]
[SourceQuality "1"]

1. e4 e5 2. Nf3 Nc6 3. Bb5 a6 4. Ba4 Nf6 5. 0-0 Be7 6. Re1 b5 7. Bb3 d6 8. c3 0-0 9. h3 Bd7 10. d4 a5 11. Nbd2 a4 12. Bc2 Re8 13. Nf1 Bf8 14. Ng3 h6 15. Be3 Na5 16. b3 axb3 17. axb3 c5 18. d5 Qc7 19. Nh2 c4 20. b4 Nb3 21. Rxa8 Rxa8 22. Bxb3 cxb3 23. Qxb3 Ra4 24. f4 exf4 25. Bxf4 Qa7+ 26. Be3 Qa6 27. Qd1 Be7 28. Nf3 Ra2 29. Nd4 Ne8 30. Ndf5 Bf6 31. Rf1 Bxf5 32. Nxf5 Bxc3 33. Qg4 Kf8 34. Nxh6 Ra1 35. Nf5 Rxf1+ 36. Kxf1 Qa1+ 37. Ke2 Qe1+ 38. Kf3 Qd1+ 39. Kf2 Qe1+ 40. Kf3 Qd1+ 41. Kf2 1/2-1/2

[Event "GER-ch Candidates 96th"]
[Site "Munich"]
[Date "2025.05.19"]
[Round "3"]
[White "Kuegel, Tobias"]
[Black "Pfrommer, Christoph"]
[Result "1-0"]
[WhiteElo "2362"]
[BlackElo "2272"]
[PlyCount "135"]
[EventDate "2025.05.17"]
[EventType "swiss"]
[EventRounds "9"]
[EventCountry "GER"]
[SourceTitle "CB22_2025"]
[SourceDate "2025.05.28"]
[SourceVersion "1"]
[SourceVersionDate "2025.05.28"]
[SourceQuality "1"]

1. e4 e5 2. Nf3 Nc6 3. Nc3 Nf6 4. a3 d5 5. Bb5 d4 6. Ne2 Bd6 7. d3 0-0 8. 0-0 Nh5 9. c3 dxc3 10. Nxc3 h6 11. h3 Nf6 12. Be3 Bd7 13. d4 Re8 14. d5 Ne7 15. Bxd7 Qxd7 16. Nh4 b5 17. Qf3 Kh7 18. Ne2 Rf8 19. Ng3 Nfg8 20. Qg4 Qe8 21. Ngf5 g6 22. Nxd6 cxd6 23. f4 f5 24. Qg3 fxe4 25. fxe5 Rxf1+ 26. Rxf1 Nxd5 27. exd6 Nxe3 28. Qxe3 Qe6 29. Qf4 Kg7 30. Rc1 Rd8 31. Rc7+ Rd7 32. Rxd7+ Qxd7 33. Qg3 g5 34. Qe5+ Nf6 35. Nf5+ Kg6 36. Ne7+ Kf7 37. Nf5 Kg6 38. g4 h5 39. gxh5+ Nxh5 40. Ne7+ Kf7 41. Qd5+ Kf6 42. Ng8+ Kg6 43. Qxe4+ Kg7 44. Qe7+ Qxe7 45. Nxe7 Kf7 46. Nc6 Ke6 47. Nxa7 b4 48. Nb5 Nf4 49. a4 Nd3 50. a5 Nxb2 51. a6 Nc4 52. a7 Nb6 53. Kf2 b3 54. Nd4+ Kxd6 55. Nxb3 Kc7 56. Nc5 Na8 57. Ne6+ Kb7 58. Nxg5 Nc7 59. h4 Nd5 60. Kf3 Nf6 61. Ne4 Ng8 62. Kf4 Kxa7 63. Kg5 Kb7 64. h5 Kc7 65. Nf6 Ne7 66. h6 Nc6 67. h7 Ne5 68. Kf5 1-0

[Event "Oberliga Baden 2324"]
[Site "Germany"]
[Date "2024.02.25"]
[Round "7.6"]
[White "Pfrommer, Christoph"]
[Black "Podat, Vladimir"]
[Result "1-0"]
[WhiteElo "2275"]
[BlackElo "2254"]
[PlyCount "69"]
[EventDate "2023.09.17"]
[EventType "team-tourn"]
[EventRounds "9"]
[EventCountry "GER"]
[SourceTitle "EXT 2025"]
[Source "ChessBase"]
[SourceDate "2024.10.14"]
[SourceVersion "1"]
[SourceVersionDate "2024.10.14"]
[SourceQuality "1"]
[WhiteTeam "Karlsruhe"]
[BlackTeam "Untergrombach"]
[WhiteTeamCountry "GER"]
[BlackTeamCountry "GER"]

1. d4 Nf6 2. Nf3 e6 3. c4 d5 4. e3 Be7 5. b3 0-0 6. Bd3 b6 7. 0-0 Bb7 8. cxd5 exd5 9. Ba3 Bxa3 10. Nxa3 Qe7 11. Nb5 a6 12. Nc3 Nbd7 13. Rc1 g6 14. Qe2 Rfc8 15. Rc2 b5 16. Rfc1 c5 17. dxc5 Nxc5 18. Nd4 b4 19. Na4 Nxa4 20. Rxc8+ Rxc8 21. Rxc8+ Bxc8 22. bxa4 Ne4 23. Bxa6 Nc3 24. Qd3 Bd7 25. Bb5 Nxa2 26. Bxd7 Qxd7 27. Qb5 Qc7 28. h4 Qc1+ 29. Kh2 Qc7+ 30. g3 Qc4 31. Qe8+ Kg7 32. Qe5+ Kf8 33. Qf6 Kg8 34. h5 Qc8 35. a5 1-0

[Event "Oberliga Baden 2324"]
[Site "Germany"]
[Date "2024.01.14"]
[Round "5.8"]
[White "Zeier, Klaus"]
[Black "Pfrommer, Christoph"]
[Result "1/2-1/2"]
[WhiteElo "2159"]
[BlackElo "2275"]
[PlyCount "115"]
[EventDate "2023.09.17"]
[EventType "team-tourn"]
[EventRounds "9"]
[EventCountry "GER"]
[SourceTitle "EXT 2025"]
[Source "ChessBase"]
[SourceDate "2024.10.14"]
[SourceVersion "1"]
[SourceVersionDate "2024.10.14"]
[SourceQuality "1"]
[WhiteTeam "Ettlingen"]
[BlackTeam "Karlsruhe"]
[WhiteTeamCountry "GER"]
[BlackTeamCountry "GER"]

1. e4 e5 2. Nf3 Nc6 3. Bb5 a6 4. Ba4 Nf6 5. 0-0 Be7 6. Re1 b5 7. Bb3 d6 8. c3 0-0 9. h3 Nb8 10. d4 Nbd7 11. Nbd2 c5 12. Nf1 Re8 13. Ng3 Bf8 14. a4 Rb8 15. axb5 axb5 16. Be3 Bb7 17. d5 c4 18. Bc2 Qc7 19. Nh2 Ra8 20. Qf3 Rxa1 21. Rxa1 Ra8 22. Rxa8 Bxa8 23. Nf5 Bb7 24. Qg3 Kh8 25. Bg5 Bc8 26. Ng4 Nxg4 27. Qxg4 f6 28. Be3 Nc5 29. Qd1 Bd7 30. Qa1 Na4 31. Qa3 g6 32. Ng3 Nc5 33. Qa8 Kg8 34. Nf1 Kf7 35. Nh2 Nd3 36. b4 f5 37. Nf3 h6 38. exf5 gxf5 39. Nh4 Bg7 40. Bd1 Qc8 41. Qa7 Kg8 42. Ng6 Kh7 43. Bh5 Qd8 44. h4 Bc8 45. Ne7 f4 46. Bb6 Qd7 47. Bg6+ Kh8 48. Nxc8 Qxc8 49. Be4 f3 50. Be3 fxg2 51. Qf7 Nf4 52. Bxf4 exf4 53. Qg6 Kg8 54. Kxg2 Qd8 55. Qe6+ Kh8 56. Qg6 Kg8 57. Qe6+ Kh8 58. Qg6 1/2-1/2

[Event "Oberliga Baden 2223"]
[Site "Germany"]
[Date "2023.04.23"]
[Round "9.8"]
[White "Eisenbeiser, Karlheinz"]
[Black "Pfrommer, Christoph"]
[Result "0-1"]
[WhiteElo "1909"]
[BlackElo "2281"]
[PlyCount "126"]
[EventDate "2022.09.18"]
[EventType "team-tourn"]
[EventRounds "9"]
[EventCountry "GER"]
[SourceTitle "EXT 2024"]
[Source "ChessBase"]
[SourceDate "2023.10.10"]
[SourceVersion "1"]
[SourceVersionDate "2023.10.10"]
[SourceQuality "1"]
[WhiteTeam "Buchen"]
[BlackTeam "Karlsruhe"]
[WhiteTeamCountry "GER"]
[BlackTeamCountry "GER"]

1. e4 c5 2. Nf3 d6 3. g3 Nf6 4. d3 Nc6 5. Bg2 g6 6. c3 Bg7 7. Nbd2 0-0 8. 0-0 e5 9. a4 h6 10. Re1 Be6 11. Nc4 Qc7 12. Qc2 Rad8 13. h3 Rfe8 14. Kh2 Kh7 15. Re2 d5 16. Ncd2 c4 17. dxc4 dxc4 18. b3 cxb3 19. Nxb3 Bc4 20. Re3 Nxe4 21. Rxe4 Bd3 22. Qb2 Bxe4 23. Ng5+ hxg5 24. Bxe4 f5 25. Bg2 Bf6 26. Rb1 e4 27. Nd4 Nxd4 28. cxd4 Bxd4 29. Qxb7 Rd7 30. Qxc7 Rxc7 31. Bxg5 Bxf2 32. Bf4 Rg7 33. Rb2 Bd4 34. Rd2 Bb6 35. Bg5 Rc7 36. Bf1 e3 37. Ra2 Rec8 38. Re2 Rc1 39. Kg2 R8c2 40. h4 Rxe2+ 41. Bxe2 Rc2 42. Kf1 Ra2 43. Bb5 Kg7 44. Bf4 Kf6 45. Ke1 Ba5+ 46. Kd1 e2+ 47. Bxe2 Rxa4 48. Kc2 Be1 49. Kb3 Rxf4 50. gxf4 Bxh4 51. Ba6 Bg3 52. Kc2 Bxf4 53. Kd3 g5 54. Ke2 g4 55. Kf2 Bc7 56. Bc8 a5 57. Bd7 Kg5 58. Bc6 Bb6+ 59. Kg2 f4 60. Bd7 f3+ 61. Kg3 Bc7+ 62. Kf2 Kf4 63. Bc6 g3+ 0-1

[Event "Oberliga Baden 2122"]
[Site "Germany"]
[Date "2021.11.14"]
[Round "3.5"]
[White "Pfrommer, Christoph"]
[Black "Metz, Hartmut"]
[Result "1/2-1/2"]
[WhiteElo "2289"]
[BlackElo "2206"]
[PlyCount "20"]
[EventDate "2021.10.10"]
[EventType "team-tourn"]
[EventRounds "11"]
[EventCountry "GER"]
[SourceTitle "EXT 2023"]
[Source "ChessBase"]
[SourceDate "2022.10.05"]
[SourceVersion "1"]
[SourceVersionDate "2022.10.05"]
[SourceQuality "1"]
[WhiteTeam "Karlsruhe"]
[BlackTeam "Kuppenheim"]
[WhiteTeamCountry "GER"]
[BlackTeamCountry "GER"]

1. e4 c6 2. d4 d5 3. Nc3 dxe4 4. Nxe4 Nd7 5. Nf3 Ngf6 6. Nxf6+ Nxf6 7. Be3 Bf5 8. Bd3 Bxd3 9. Qxd3 e6 10. 0-0-0 Qc7 1/2-1/2

[Event "Oberliga Baden 2122"]
[Site "Germany"]
[Date "2021.10.24"]
[Round "2.4"]
[White "Pfrommer, Christoph"]
[Black "Mensch, Etienne"]
[Result "1/2-1/2"]
[WhiteElo "2289"]
[BlackElo "2317"]
[PlyCount "55"]
[EventDate "2021.10.10"]
[EventType "team-tourn"]
[EventRounds "11"]
[EventCountry "GER"]
[SourceTitle "EXT 2023"]
[Source "ChessBase"]
[SourceDate "2022.10.05"]
[SourceVersion "1"]
[SourceVersionDate "2022.10.05"]
[SourceQuality "1"]
[WhiteTeam "Karlsruhe"]
[BlackTeam "Buchen"]
[WhiteTeamCountry "GER"]
[BlackTeamCountry "GER"]

1. c4 g6 2. Nc3 Bg7 3. g3 Nf6 4. Bg2 0-0 5. Nf3 c5 6. 0-0 Nc6 7. d4 cxd4 8. Nxd4 Nxd4 9. Qxd4 d6 10. Qd3 Bf5 11. e4 Be6 12. Bd2 a6 13. b3 Ng4 14. Qe2 Ne5 15. Rac1 Nc6 16. Nd5 b5 17. c5 Nd4 18. Qd3 Bxd5 19. exd5 dxc5 20. Rxc5 e5 21. dxe6 Nxe6 22. Rd5 Qf6 23. Be3 Rad8 24. Rd1 Rxd5 25. Bxd5 Rd8 26. Qc2 Bf8 27. Bxe6 Rxd1+ 28. Qxd1 1/2-1/2

[Event "Oberliga Baden 2122"]
[Site "Germany"]
[Date "2021.10.10"]
[Round "1.5"]
[White "Pfrommer, Christoph"]
[Black "Razafindratsima, Timothe"]
[Result "0-1"]
[WhiteElo "2289"]
[BlackElo "2350"]
[PlyCount "60"]
[EventDate "2021.10.10"]
[EventType "team-tourn"]
[EventRounds "11"]
[EventCountry "GER"]
[SourceTitle "EXT 2023"]
[Source "ChessBase"]
[SourceDate "2022.10.05"]
[SourceVersion "1"]
[SourceVersionDate "2022.10.05"]
[SourceQuality "1"]
[WhiteTeam "Karlsruhe"]
[BlackTeam "Bad Mergentheim"]
[WhiteTeamCountry "GER"]
[BlackTeamCountry "GER"]

1. c4 Nf6 2. g3 g6 3. Bg2 Bg7 4. Nc3 0-0 5. Nf3 d5 6. cxd5 Nxd5 7. 0-0 c5 8. Nxd5 Qxd5 9. d3 Nc6 10. Be3 Qd6 11. Qc1 b6 12. d4 cxd4 13. Nxd4 Nxd4 14. Bxd4 Qxd4 15. Bxa8 Bf5 16. Bb7 Rb8 17. Rd1 Qxb2 18. Qc7 Re8 19. Bc6 Rc8 20. Qxe7 Bf6 21. Qb7 Qxe2 22. Re1 Qb2 23. Rad1 Bd4 24. Rxd4 Qxd4 25. Bd5 Qf6 26. h4 Rc2 27. Bb3 Rd2 28. Qf3 Kg7 29. Rc1 Bg4 30. Qe3 Re2 0-1

[Event "Verbandsliga Nordbaden 1920"]
[Site "Baden"]
[Date "2019.09.29"]
[Round "1.2"]
[White "Pfrommer, Christoph"]
[Black "Spieker, Michael"]
[Result "1/2-1/2"]
[WhiteElo "2286"]
[BlackElo "2062"]
[PlyCount "107"]
[EventDate "2019.09.29"]
[EventType "team-tourn"]
[EventRounds "9"]
[EventCountry "GER"]
[SourceTitle "EXT 2021"]
[Source "ChessBase"]
[SourceDate "2020.10.23"]
[SourceVersion "1"]
[SourceVersionDate "2020.10.23"]
[SourceQuality "1"]
[WhiteTeam "Karlsruhe"]
[BlackTeam "Karlsruhe II"]
[WhiteTeamCountry "GER"]
[BlackTeamCountry "GER"]

1. d4 f5 2. Nf3 Nf6 3. g3 g6 4. Bg2 Bg7 5. b4 0-0 6. c4 c6 7. a4 d6 8. Bb2 h6 9. 0-0 Be6 10. Nbd2 Nbd7 11. Qc2 Qe8 12. Rac1 Qf7 13. Ba1 Rfc8 14. Rfe1 Nf8 15. Qd3 Rc7 16. a5 a6 17. Qb1 Rac8 18. Nh4 d5 19. Nhf3 N8d7 20. c5 Ne4 21. Nb3 Rf8 22. e3 Rcc8 23. Rc2 Ra8 24. Nc1 Rfd8 25. Nd3 Kh8 26. Nfe5 Nxe5 27. Nxe5 Bxe5 28. dxe5 Ng5 29. Rd2 Rd7 30. Qb2 Kg8 31. Red1 Rad8 32. Rd4 Qg7 33. R4d3 h5 34. Qd4 Nf7 35. h4 Nh6 36. Qf4 Kh7 37. f3 Qf7 38. Qg5 Qg7 39. Bh3 Qf7 40. Qf4 Qg8 41. R3d2 Qf7 42. Bb2 Qg7 43. Kh2 Qf7 44. Kg1 Qg7 45. Kf2 Qf7 46. Bd4 Qg8 47. Ke2 Qf7 48. Kd3 Qg8 49. Kc3 Qf7 50. Kb2 Qg8 51. Ka1 Qf7 52. Bb2 Qg8 53. Bc3 Qg7 54. Bd4 1/2-1/2

[Event "Verbandsliga Nordbaden 1819"]
[Site "Baden"]
[Date "2019.05.05"]
[Round "9.3"]
[White "Pfrommer, Christoph"]
[Black "Welz, Thomas"]
[Result "1-0"]
[WhiteElo "2296"]
[BlackElo "2170"]
[PlyCount "57"]
[EventDate "2018.10.14"]
[EventType "team-tourn"]
[EventRounds "9"]
[EventCountry "GER"]
[SourceTitle "EXT 2020"]
[Source "ChessBase"]
[SourceDate "2019.10.17"]
[SourceVersion "1"]
[SourceVersionDate "2019.10.17"]
[SourceQuality "1"]
[WhiteTeam "Karlsruhe"]
[BlackTeam "Eppingen II"]
[WhiteTeamCountry "GER"]
[BlackTeamCountry "GER"]

1. Nf3 Nf6 2. g3 d5 3. c4 c6 4. Bg2 Bf5 5. cxd5 cxd5 6. Nc3 e6 7. d3 Nc6 8. Qb3 Qb6 9. Qxb6 axb6 10. Nb5 Ra5 11. Nfd4 Bb4+ 12. Bd2 Kd7 13. a3 Rc8 14. Bxb4 Nxb4 15. Kd2 Nc6 16. f4 Nxd4 17. Nxd4 Rac5 18. h3 Nh5 19. Bf3 Bg6 20. Bxh5 Bxh5 21. g4 Bg6 22. f5 exf5 23. gxf5 Bh5 24. Rhg1 g6 25. Raf1 Ke7 26. Rg3 b5 27. Re3+ Kf8 28. fxg6 hxg6 29. Ne6+ 1-0

[Event "Karlsruhe Grenke op"]
[Site "Karlsruhe"]
[Date "2019.04.21"]
[Round "7"]
[White "Pfrommer, Christoph"]
[Black "Froewis, Georg"]
[Result "0-1"]
[WhiteElo "2296"]
[BlackElo "2438"]
[PlyCount "124"]
[EventDate "2019.04.18"]
[EventType "swiss"]
[EventRounds "9"]
[EventCountry "GER"]
[SourceTitle "CBM 189 Extra"]
[Source "ChessBase"]
[SourceDate "2019.05.31"]
[SourceVersion "1"]
[SourceVersionDate "2019.05.31"]
[SourceQuality "1"]

1. Nf3 d5 2. g3 Bg4 3. Bg2 Nd7 4. d4 e6 5. 0-0 Ngf6 6. Nbd2 c6 7. Re1 Be7 8. e4 0-0 9. c3 Bh5 10. h4 Qb6 11. Qb3 Bg6 12. Qxb6 axb6 13. exd5 Nxd5 14. Nc4 b5 15. Nce5 N7b6 16. Bd2 Na4 17. Nxg6 hxg6 18. Rab1 Rfd8 19. a3 Nab6 20. Bg5 Nc4 21. Bxe7 Nxe7 22. Ne5 Nxe5 23. Rxe5 Nf5 24. Be4 Ne7 25. Bc2 Nd5 26. Bb3 Nb6 27. Rbe1 Kf8 28. h5 gxh5 29. Rxh5 g6 30. Rh7 Kg8 31. Rh4 Kg7 32. Kg2 Rh8 33. Reh1 Rxh4 34. Rxh4 Re8 35. Re4 Kf6 36. Rf4+ Ke7 37. Rh4 Nc8 38. Bc2 Nd6 39. Bd3 Kd7 40. Rh7 Rg8 41. g4 g5 42. Kg3 Ke7 43. f4 Ne8 44. fxg5 Rxg5 45. Kf4 Rg7 46. Rh8 f6 47. Bc2 Nd6 48. Bd3 Nf7 49. Rh2 Rg5 50. Rh7 Kf8 51. Bc2 Kg8 52. Rh2 Rg7 53. a4 bxa4 54. Bxa4 Ng5 55. Rh6 Rf7 56. Bb3 Kg7 57. Rh1 Rd7 58. Re1 Kf7 59. Ra1 Ke7 60. Rh1 Rd8 61. Rh2 c5 62. dxc5 Rd3 0-1

[Event "Verbandsliga Nordbaden 1718"]
[Site "Baden"]
[Date "2018.01.14"]
[Round "4.3"]
[White "Grathwohl, Roland"]
[Black "Pfrommer, Christoph"]
[Result "1/2-1/2"]
[WhiteElo "2278"]
[BlackElo "2304"]
[PlyCount "29"]
[EventDate "2017.10.08"]
[EventType "team-tourn"]
[EventRounds "9"]
[EventCountry "GER"]
[SourceTitle "EXT 2019"]
[Source "ChessBase"]
[SourceDate "2018.10.10"]
[SourceVersion "1"]
[SourceVersionDate "2018.10.10"]
[SourceQuality "1"]
[WhiteTeam "Heidelberg"]
[BlackTeam "Karlsruhe"]
[WhiteTeamCountry "GER"]
[BlackTeamCountry "GER"]

1. Nf3 d5 2. d4 Nf6 3. c4 e6 4. Nc3 Be7 5. Bf4 0-0 6. e3 b6 7. Bd3 dxc4 8. Bxc4 Bb7 9. 0-0 Nbd7 10. Ne5 Nxe5 11. Bxe5 Bd6 12. Bg3 Bxg3 13. hxg3 Qe7 14. Qe2 c5 15. Rfd1 1/2-1/2

[Event "Oberliga Baden 1516"]
[Site "Baden"]
[Date "2016.04.10"]
[Round "9.1"]
[White "Lekic, Dusan"]
[Black "Pfrommer, Christoph"]
[Result "1-0"]
[WhiteElo "2377"]
[BlackElo "2340"]
[PlyCount "111"]
[EventDate "2015.09.20"]
[EventType "team-tourn"]
[EventRounds "9"]
[EventCountry "GER"]
[SourceTitle "EXT 2018"]
[Source "ChessBase"]
[SourceDate "2017.10.13"]
[SourceVersion "1"]
[SourceVersionDate "2017.10.13"]
[SourceQuality "1"]
[WhiteTeam "Dreisamtal"]
[BlackTeam "Karlsruhe SF"]
[WhiteTeamCountry "GER"]
[BlackTeamCountry "GER"]

1. d4 d5 2. c4 e6 3. Nf3 Nf6 4. g3 Bb4+ 5. Bd2 Bd6 6. Nc3 c6 7. Qc2 Nbd7 8. Bg5 h6 9. Bxf6 Nxf6 10. Bg2 0-0 11. 0-0 b6 12. e4 Nxe4 13. Nxe4 dxe4 14. Qxe4 Ba6 15. Ne5 Bxe5 16. dxe5 Qc7 17. b4 Rab8 18. Rfd1 c5 19. b5 Bb7 20. Qf4 Bxg2 21. Kxg2 a6 22. a4 Ra8 23. Rd6 axb5 24. cxb5 Ra5 25. Rc1 Qa7 26. Rc4 Ra8 27. Qe4 Rc8 28. h4 Rb8 29. Qg4 Ra8 30. Qe4 Rb8 31. h5 Qa8 32. Rc6 Qb7 33. Qf3 Ra7 34. Rg4 Kh8 35. Rd6 Qxf3+ 36. Kxf3 Kg8 37. Ke3 Kf8 38. Kd3 Rc7 39. Kc3 Ra7 40. Kb3 Rc7 41. Rc4 Ra7 42. Rc2 Ke7 43. Rcd2 f6 44. exf6+ gxf6 45. Rc6 Rd7 46. Rxd7+ Kxd7 47. a5 bxa5 48. Rxc5 Kd6 49. Rc6+ Kd5 50. Ka4 f5 51. Rc2 Kd4 52. Kxa5 Kd3 53. Rc6 Ke2 54. Rxe6+ Kxf2 55. Rf6 Kxg3 56. Rxf5 1-0

[Event "Karlsruhe Grenke op"]
[Site "Karlsruhe"]
[Date "2016.03.25"]
[Round "2"]
[White "Korobov, Anton"]
[Black "Pfrommer, Christoph"]
[Result "1-0"]
[WhiteElo "2713"]
[BlackElo "2333"]
[PlyCount "63"]
[EventDate "2016.03.24"]
[EventType "swiss"]
[EventRounds "9"]
[EventCountry "GER"]
[SourceTitle "CBM 171 Extra"]
[Source "ChessBase"]
[SourceDate "2016.04.26"]
[SourceVersion "1"]
[SourceVersionDate "2016.04.26"]
[SourceQuality "1"]

1. d4 d5 2. c4 e6 3. Nc3 Bb4 4. Nf3 Nf6 5. Bg5 h6 6. Bxf6 Qxf6 7. Qa4+ Nc6 8. e3 0-0 9. Bd3 dxc4 10. Bxc4 a6 11. 0-0 Bd6 12. Rfd1 Bd7 13. Ne4 Qe7 14. Qc2 e5 15. Nxd6 cxd6 16. dxe5 dxe5 17. Qe4 Be6 18. Nh4 Bxc4 19. Qxc4 Rfd8 20. Nf5 Qb4 21. Qc2 Rxd1+ 22. Rxd1 Rd8 23. Rxd8+ Nxd8 24. h3 Nc6 25. a3 Qb6 26. h4 h5 27. Ng3 g6 28. Ne4 Kg7 29. g3 Nd8 30. Qc3 Qe6 31. Qc7 Qd5 32. Nc3 1-0

[Event "Oberliga Baden 1516"]
[Site "Baden"]
[Date "2016.01.17"]
[Round "5.1"]
[White "Stojanovic, Mihajlo"]
[Black "Pfrommer, Christoph"]
[Result "1-0"]
[WhiteElo "2534"]
[BlackElo "2340"]
[PlyCount "63"]
[EventDate "2015.09.20"]
[EventType "team-tourn"]
[EventRounds "9"]
[EventCountry "GER"]
[SourceTitle "EXT 2018"]
[Source "ChessBase"]
[SourceDate "2017.10.13"]
[SourceVersion "1"]
[SourceVersionDate "2017.10.13"]
[SourceQuality "1"]
[WhiteTeam "Buchen"]
[BlackTeam "Karlsruhe SF"]
[WhiteTeamCountry "GER"]
[BlackTeamCountry "GER"]

1. d4 d5 2. c4 e6 3. Nc3 Bb4 4. Nf3 Nf6 5. Qa4+ Nc6 6. Bd2 0-0 7. a3 Bxc3 8. Bxc3 Ne4 9. e3 Nxc3 10. bxc3 dxc4 11. Bxc4 Bd7 12. Qc2 Na5 13. Bd3 h6 14. Ne5 c5 15. 0-0 Rc8 16. d5 Qc7 17. Nxd7 Qxd7 18. dxe6 fxe6 19. Rad1 Qf7 20. Qa4 b6 21. Bc2 Rfd8 22. Qe4 Qf6 23. f4 Kf8 24. h3 Ke7 25. f5 Rxd1 26. Bxd1 e5 27. Rf3 Rd8 28. Ba4 Kf8 29. Rg3 Qd6 30. f6 gxf6 31. Qh7 Qe6 32. Qg7# 1-0

[Event "Oberliga Baden 1516"]
[Site "Baden"]
[Date "2015.12.13"]
[Round "4.1"]
[White "Pfrommer, Christoph"]
[Black "Kaczmarczyk, Dennis"]
[Result "1/2-1/2"]
[WhiteElo "2340"]
[BlackElo "2435"]
[PlyCount "111"]
[EventDate "2015.09.20"]
[EventType "team-tourn"]
[EventRounds "9"]
[EventCountry "GER"]
[SourceTitle "EXT 2018"]
[Source "ChessBase"]
[SourceDate "2017.10.13"]
[SourceVersion "1"]
[SourceVersionDate "2017.10.13"]
[SourceQuality "1"]
[WhiteTeam "Karlsruhe SF"]
[BlackTeam "Waldshut Tiengen"]
[WhiteTeamCountry "GER"]
[BlackTeamCountry "GER"]

1. Nf3 d5 2. g3 Nf6 3. Bg2 g6 4. b3 Bg7 5. Bb2 c5 6. c4 d4 7. b4 0-0 8. 0-0 Re8 9. d3 e5 10. bxc5 Nbd7 11. Ba3 Qc7 12. Nbd2 Nxc5 13. Rb1 Bf8 14. Ng5 Rb8 15. Bxc5 Bxc5 16. Nge4 Nxe4 17. Nxe4 Be7 18. Qa4 Bg4 19. Rxb7 Qxb7 20. Nf6+ Bxf6 21. Bxb7 Bxe2 22. Re1 Bxd3 23. c5 Re7 24. c6 Rbxb7 25. cxb7 Rxb7 26. Rxe5 Bxe5 27. Qe8+ Kg7 28. Qxe5+ Kg8 29. Qe8+ Kg7 30. Qe5+ Kg8 31. Qxd4 Bf5 32. g4 Be6 33. h4 Rd7 34. Qf4 Rd5 35. Qb8+ Kg7 36. Qxa7 Bxg4 37. Qe3 h5 38. a4 Kh7 39. Qc3 Rf5 40. a5 Be2 41. Qe3 Bc4 42. Qd4 Be2 43. Qd2 Bc4 44. f4 Ba6 45. Kf2 Rf6 46. Kg3 Re6 47. f5 gxf5 48. Kf4 Be2 49. Kxf5 Kg7 50. Qc3+ Kh7 51. Qa3 Kg7 52. Qb2+ Kh7 53. Qb8 Kg7 54. Qb2+ Kh7 55. Qb8 Kg7 56. Qb2+ 1/2-1/2

[Event "Oberliga Baden 1516"]
[Site "Baden"]
[Date "2015.09.20"]
[Round "1.1"]
[White "Bodrozic, Tomislav"]
[Black "Pfrommer, Christoph"]
[Result "1/2-1/2"]
[WhiteElo "2415"]
[BlackElo "2340"]
[PlyCount "37"]
[EventDate "2015.09.20"]
[EventType "team-tourn"]
[EventRounds "9"]
[EventCountry "GER"]
[SourceTitle "EXT 2018"]
[Source "ChessBase"]
[SourceDate "2017.10.13"]
[SourceVersion "1"]
[SourceVersionDate "2017.10.13"]
[SourceQuality "1"]
[WhiteTeam "Ettlingen"]
[BlackTeam "Karlsruhe SF"]
[WhiteTeamCountry "GER"]
[BlackTeamCountry "GER"]

1. e4 c5 2. Nf3 d6 3. Bb5+ Nd7 4. d4 cxd4 5. Qxd4 a6 6. Bxd7+ Bxd7 7. c4 e5 8. Qd3 b5 9. Nc3 bxc4 10. Qxc4 Be6 11. Qd3 h6 12. 0-0 Nf6 13. b3 Be7 14. Bb2 0-0 15. Rfe1 Qb8 16. Nd2 Rc8 17. Rac1 Bd8 18. Ba3 Ba5 19. Nc4 1/2-1/2

[Event "Oberliga Baden 1415"]
[Site "Baden"]
[Date "2015.04.12"]
[Round "9.1"]
[White "Gschnitzer, Oswald"]
[Black "Pfrommer, Christoph"]
[Result "1/2-1/2"]
[WhiteElo "2395"]
[BlackElo "2337"]
[PlyCount "43"]
[EventDate "2014.09.21"]
[EventType "team-tourn"]
[EventRounds "9"]
[EventCountry "GER"]
[SourceTitle "EXT 2016"]
[Source "ChessBase"]
[SourceDate "2015.10.08"]
[SourceVersion "1"]
[SourceVersionDate "2015.10.08"]
[SourceQuality "1"]
[WhiteTeam "Walldorf"]
[BlackTeam "Karlsruhe"]
[WhiteTeamCountry "GER"]
[BlackTeamCountry "GER"]

1. d4 d5 2. c4 e6 3. Nc3 Bb4 4. Nf3 Nf6 5. cxd5 exd5 6. Bf4 0-0 7. e3 c5 8. dxc5 Ne4 9. a3 Bxc3+ 10. bxc3 Be6 11. Bd3 Nd7 12. c6 bxc6 13. Nd4 Qf6 14. Rc1 Ne5 15. 0-0 Nxd3 16. Qxd3 c5 17. Nxe6 Qxe6 18. Rfd1 Rfd8 19. f3 Nf6 20. Rb1 h6 21. Rb7 Nh5 22. Bg3 1/2-1/2

[Event "Oberliga Baden 1415"]
[Site "Baden"]
[Date "2015.01.18"]
[Round "5.1"]
[White "Noe, Christopher"]
[Black "Pfrommer, Christoph"]
[Result "1-0"]
[WhiteElo "2374"]
[BlackElo "2347"]
[PlyCount "49"]
[EventDate "2014.09.21"]
[EventType "team-tourn"]
[EventRounds "9"]
[EventCountry "GER"]
[SourceTitle "EXT 2016"]
[Source "ChessBase"]
[SourceDate "2015.10.08"]
[SourceVersion "1"]
[SourceVersionDate "2015.10.08"]
[SourceQuality "1"]
[WhiteTeam "Eppingen II"]
[BlackTeam "Karlsruhe"]
[WhiteTeamCountry "GER"]
[BlackTeamCountry "GER"]

1. e4 c5 2. Nf3 e6 3. d3 d5 4. Nbd2 Nf6 5. g3 g6 6. Bg2 Bg7 7. 0-0 0-0 8. Re1 Nc6 9. c3 a5 10. a4 b6 11. exd5 exd5 12. Nb1 Ra7 13. Na3 Ba6 14. Bf4 Re8 15. Rxe8+ Nxe8 16. Nb5 Bxb5 17. axb5 Ne7 18. Qa4 Nd6 19. Re1 Qd7 20. Ne5 Bxe5 21. Bxe5 Qxb5 22. Qh4 Ne8 23. Bb8 Rb7 24. Rxe7 Rxb8 25. Qf4 1-0